000 01144nas a2200373 4500
001 BR0304412
003 BR-BrBNA
005 20231205104037.0
007 ta
008 230509b bl.|||p| |||| 00| 00por d
040 _aBR-BrBNA
_bpor
_cBiblioteca Nacional de Agricultura
041 _a(Pt)
072 _aL02
100 1 _aBorges, A.F.
100 1 _aOliveira, R.F.M. de
100 1 _aDonzele, J.l.
100 1 _aOrlando, U.A.D.
100 1 _aFerreira, R.A.
100 1 _aSaraiva, E.P.
245 1 _aExigência de lisina para frangos de corte machos no período de 22 a 42 dias de idade, mantidos em ambiente quente (26ºC)
650 _aFRANGO DE CORTE
650 _aFATOR DE CRESCIMENTO
650 _aLISINA
650 _aRAÇÃO
650 _aCARCAÇA
650 _aEXIGÊNCIA NUTRICIONAL
650 _aCOMPOSIÇÃO DE ALIMENTO
650 _aGANHO DE PESO
650 _aCONDIÇÃO AMBIENTAL
650 _aTEMPERATURA
773 0 _tRevista Brasileira de Zootecnia (Brazil)
_xISSN 1516-3598
_g(Sep-Oct 2002), v. 31(5) p. 1993-2001
_wBR0304412
909 _a202311
_bLúcia
_c55
_dLúcia Elande
942 _2AGRIS
_n0
_cANA
999 _c176049
_d176049